000 00241nam a2200109Ia 4500
008 190216s9999||||xx |||||||||||||| ||und||
100 _aPillai N N
245 0 _aCurtian
260 _bNbs Kottayam
650 _aMalayalam Nadakam
942 _cBK
999 _c26144
_d26144